Billie Eilish - bad guy lyrics - Statistics

General Stats
  • This quiz has been taken 132 times
  • The average score is 200 of 256
Answer Stats
Answer % Correct
bad
99%
Bad
99%
guy
99%
I
99%
i
99%
you
97%
You
97%
your
97%
a
96%
the
96%
I'm
95%
to
94%
like
92%
Like
92%
you're
91%
Make
90%
no
90%
on
90%
so
90%
So
90%
tough
88%
my
87%
My
87%
rough
87%
type
87%
Duh
86%
it
86%
White
86%
do
85%
mad
85%
really
85%
shirt
85%
dad
82%
sad
82%
when
82%
red
81%
nose
79%
bloody
78%
Don't
78%
don't
78%
know
78%
me
78%
me?
78%
now
78%
Might
76%
girlfriend
74%
seduce
74%
that
74%
what
74%
Creepin'
73%
Just
73%
get
72%
but
71%
But
71%
criminal
71%
mama
71%
Think
71%
can't
69%
say
69%
she
69%
toes
69%
be
68%
one
68%
tippy
68%
enough
65%
knees
65%
want
65%
all
64%
knows
64%
both
63%
if
62%
If
62%
with
62%
Bruises
60%
for
60%
it's
60%
take
60%
control
59%
always
58%
of
58%
around
55%
cologne
55%
or
55%
please
55%
sing
55%
wearing
55%
likes
54%
men
54%
see
54%
thank
54%
said
53%
cynical
51%
mommy
51%
scared
51%
soul
51%
along
50%
maybe
50%
Own
50%
Sleepin'
50%
this
50%
wanting
50%
won't
50%
alone
49%
'cause
49%
I'll
49%
lyrics
49%
mean
49%
puffed
49%
sees
49%
guess
47%
animal
46%
pity
46%
pretty
46%
Even
45%
glad
45%
She'll
45%
Chest
44%
let
44%
she's
44%
role
42%
bein'
41%
play
41%
reads
38%
tight
38%
at
36%
good
35%
only
28%
No matching quizzes found
Score Distribution
Percent of People with Each Score
Percentile by Number Answered
Your Score History
You have not taken this quiz